000
00277nam a2200109Ia 4500
008
230907s9999||||xx |||||||||||||| ||und||
082
_a
658.26
_b
HOW
100
_a
Howell, Marvin T.,
_9
115787
245
0
_a
Energy centered management :
300
_a
xv, 262 pages ;
942
_c
BK
999
_c
599550
_d
599550